| 000 | 00526nam a2200169 a 4500 | ||
|---|---|---|---|
| 001 | 000032693 | ||
| 005 | 20200930065759.0 | ||
| 008 | 110725s1947 dr 000 0 spa d | ||
| 040 |
_aDO-SdBNP _bspa _cBNPHU |
||
| 082 |
_axxxx _bL318p |
||
| 100 | 1 |
_aLara Fernández, Carmen _922283 |
|
| 245 | 1 | 0 |
_aPrimera ciudad cristiana del nuevo mundo, la Isabela. / _cCarmen Lara Fernández. |
| 260 |
_aCiudad Trujillo, República Dominicana, : _bMontalvo, _c1947. |
||
| 300 | _a161 p. | ||
| 504 | _aBibliografía : p.161 | ||
| 049 | _aBNPD | ||
| 999 |
_c32184 _d32184 |
||